| 000 | 01043nam a22003137a 4500 | ||
|---|---|---|---|
| 003 | CHAP | ||
| 005 | 20220329140707.0 | ||
| 008 | 971013s1961 r 00010 d | ||
| 010 | _a56158 | ||
| 011 | _a57130 | ||
| 035 | _a61283 | ||
| 040 | _cCHAP | ||
| 090 | _aTesis | ||
| 100 | 0 | 0 |
_aZarazúa Cabrera, Bonifacio. _9123701 |
| 245 | _aPropiedades físico-química del algunos deionizadores de interés industrial | ||
| 260 |
_aMéxico, D.F. : _bEl autor, _c1961 |
||
| 300 |
_a37 h. _b: ilus. ; gráfs. |
||
| 502 | _aTesis (Químico Zimólogo) -- IPN. Esc. Nacional de Ciencias Biológicas | ||
| 590 |
_aALEPH _b10 _c20130110 _lUCH01 _h1334 |
||
| 590 |
_aBATCH-UPD _b10 _c20130110 _lUCH01 _h2217 |
||
| 590 |
_aBATCH-UPD _b10 _c20130410 _lUCH01 _h1517 |
||
| 590 |
_aBATCH-UPD _b10 _c20130914 _lUCH01 _h1650 |
||
| 590 |
_aCONVERSION _b10 _c20130109 _lUCH01 _h1330 |
||
| 650 | 1 | 4 |
_aIntercambio iónico. _959524 |
| 901 | _aBK | ||
| 942 | _cFOLL | ||
| 949 |
_bBC _cTES _d-131684 _eTS1 _i61283 _si |
||
| 949 |
_bBC _cTES _d33724000686317 _eTS2 _fc.2 _i61283 _si |
||
| 999 |
_c56158 _d56158 |
||